000 00652nam a2200217Ia 4500
005 20250508164421.0
008 008 250505s9999 xx 000 0 eng d
020 _a1-74114-571-6
037 _aTextBook
040 _aFEDL
_beng
_cFEDL
041 _aeng
_2eng
084 _a371.1, HAY
_qFEDL
100 _aHayes Debra (etal...)
_9778079
245 0 _aTeacher and schooling productive pedagogies, assessment and performance making a difference
260 _aAustralia
_bAllen and Unwin
_c2007
300 _axvi,239p.
365 _aINR
_b395
650 _aEffective teaching
942 _cTB
_h371.1, HAY
999 _c1389030
_d1389030